MARC

LEADER 00000nam0a2200000 4500
001 283922
005 20231101235638.0
035 |a (RuTPU)RU\TPU\book\308060 
090 |a 283922 
100 |a 20150211d1960 k y0rusy50 ca 
101 0 |a rus 
102 |a RU 
105 |a a z 001zy 
200 1 |a Стратиграфия ордовикских отложений Русской платформы  |f Т. Н. Алихова  |g Всесоюзный научно-исследовательский геологический институт (ВСЕГЕИ) 
210 |a Москва  |c Госгеолтехиздат  |d 1960 
215 |a 76 с.  |c ил. 
320 |a Библиогр.: с. 73-75. 
606 1 |a Ордовикские отложения  |2 stltpush  |3 (RuTPU)RU\TPU\subj\47458  |9 66388 
610 1 |a ордовик 
610 1 |a ордовикская система 
610 1 |a Русская платформа 
610 1 |a стратиграфия 
610 1 |a стратиграфические исследования 
610 1 |a палеогеография 
675 |a 551.733.1  |v 3 
700 1 |a Алихова  |b Т. Н.  |g Татьяна Николаевна 
712 0 2 |a Всесоюзный научно-исследовательский геологический институт (ВСЕГЕИ)  |c (Ленинград)  |c (1939-1991)  |2 stltpush  |3 (RuTPU)RU\TPU\col\11367 
801 1 |a RU  |b 63413507  |c 20150211 
801 2 |a RU  |b 63413507  |c 20210522  |g RCR 
942 |c BK